000
00213 a2200097 4500
001
32918
100
_a
Inam ul Haq
245
_a
Ayyam e Rafta [Urdu]
260
_a
Lahore
_b
Sange Meel
_c
1999
090
_c
22072
_d
22072
942
_a
NUST-CAE
_c
_c
13417
999
_c
267991
_d
267991